000 00737nam a2200253 a 4500
001
003 OSt
005 20240412074307.0
008 091015s1952 dr c 000 p spa d
040 _aDO-SdBNP
_bspa
_cDO-SdBNP
049 _a
082 _aRD861.44
_bR696de,1952
_222
100 1 _aRodríguez V., Severino A.
_926846
245 1 0 _aDe mi lira popular /
_cSeverino V. Rodríguez V.
250 _a
260 _aCiudad Trujillo, República Dominicana :
_bImpresora Dominicana,
_c1952.
300 _a57 p. ;
_c22 cm.
590 _aInventariado,2020/VM
650 0 _aPoesía dominicana
_966
650 0 _aLiteratura dominicana.
_967
910 _aValidado. Control de calidad BNPHU
942 _2ddc
_cLBS1
956 _aVMateo
999 _c48876
_d48876